书目信息 |
| 题名: |
从零起步学唢呐轻松入门
|
|
| 作者: | 胡海泉 , 胡美玲 编著 | |
| 分册: | ||
| 出版信息: | 上海 上海音乐学院出版社 2015 |
|
| 页数: | 179页 | |
| 开本: | 28cm | |
| 丛书名: | 从零学音乐入门丛书 | |
| 单 册: | ||
| 中图分类: | J632.146 | |
| 科图分类: | ||
| 主题词: | 唢呐--吹奏法 | |
| 电子资源: | ||
| ISBN: | 978-7-5566-0006-9 | |
| 000 | 00989ocm2 2200289 450 | |
| 001 | 339710 | |
| 005 | 20150608155001.39 | |
| 010 | @a978-7-5566-0006-9@dCNY39.00 | |
| 100 | @a20150407d2015 em y0chiy50 ea | |
| 101 | 0 | @achi |
| 102 | @aCN@b310000 | |
| 105 | @aag z 000yy | |
| 106 | @ar | |
| 200 | 1 | @a从零起步学唢呐轻松入门@Acong ling qi bu xue suo na qing song ru men@f胡海泉, 胡美玲编著 |
| 205 | @a第2版 | |
| 210 | @a上海@c上海音乐学院出版社@d2015 | |
| 215 | @a179页@c图@d28cm | |
| 225 | 2 | @a从零学音乐入门丛书 |
| 330 | @a本书为了初学唢呐者入门而著。每个章节都有文字写明了练习方法, 并写了大量七个不同调指法的练习曲。同时也涉及到唢呐一些简单的技巧和独奏曲。 | |
| 410 | 0 | @12001 @a从零学音乐入门丛书 |
| 516 | 1 | @a从零起步学唢呐@Acong ling qi bu xue suo na |
| 606 | 0 | @a唢呐@x吹奏法 |
| 690 | @aJ632.146@v5 | |
| 701 | 0 | @a胡海泉@Ahu hai quan@4编著 |
| 701 | 0 | @a胡美玲@Ahu mei ling@c(女, @f1980-)@4编著 |
| 801 | 0 | @aCN@b卓展宏图@c20150525 |
| 905 | @dJ632.146@e81=2@f4 | |
| 从零起步学唢呐轻松入门/胡海泉, 胡美玲编著.-第2版.-上海:上海音乐学院出版社,2015 |
| 179页:图;28cm.-(从零学音乐入门丛书) |
| ISBN 978-7-5566-0006-9:CNY39.00 |
| 本书为了初学唢呐者入门而著。每个章节都有文字写明了练习方法, 并写了大量七个不同调指法的练习曲。同时也涉及到唢呐一些简单的技巧和独奏曲。 |
| ● |
| 相关链接 |
|
|
|
|
正题名:从零起步学唢呐轻松入门
索取号:J632.146/81=2
 
预约/预借
| 序号 | 登录号 | 条形码 | 馆藏地/架位号 | 状态 | 备注 |
| 1 | 863743 | 208637439 | 第一样本阅览室/ [索取号:J632.146/81=2] | 在馆 | |
| 2 | 863744 | 208637448 | 第一借阅区/ [索取号:J632.146/81=2] | 在馆 | |
| 3 | 863745 | 208637457 | 第一借阅区/ [索取号:J632.146/81=2] | 在馆 | |
| 4 | 863746 | 208637466 | 密集书库-音乐系/ [索取号:J632.146/81=2] | 在馆 |